|
|
|
|
| LEADER |
00740nab a2200217 i 4500 |
| 001 |
misc65400 |
| 005 |
20221018152839.0 |
| 008 |
220804s1940 hu o 0|| eng d |
| 040 |
|
|
|a SZTE Miscellanea Repozitórium
|b hun
|
| 041 |
|
|
|a eng
|
| 100 |
1 |
|
|a Minorsky Vladimir
|
| 245 |
1 |
2 |
|a A list of works
|h [elektronikus dokumentum] :
|b 1901-1940 ; függelék: 1941-1944 /
|c Minorsky Vladimir
|
| 260 |
|
|
|c 1940
|
| 300 |
|
|
|a [22] p.
|c 22 cm
|
| 561 |
|
|
|a Németh Gyula hagyaték
|
| 591 |
|
|
|a NOB 3738
|
| 650 |
|
4 |
|a Bölcsészettudományok
|
| 650 |
|
4 |
|a Történettudomány és régészet
|
| 650 |
|
4 |
|a Nyelvek és irodalom
|
| 695 |
|
|
|a Keletkutatás - bibliográfia
|
| 856 |
4 |
0 |
|u http://misc.bibl.u-szeged.hu/65400/1/3738_nob_m69.pdf
|z Dokumentum-elérés
|